Central Library OPAC University of Rajshahi

Data base of Indian economy / (Record no. 43153)

MARC details
000 -LEADER
fixed length control field 00884nam a2200253 a 4500
001 - CONTROL NUMBER
control field 43153
003 - CONTROL NUMBER IDENTIFIER
rucl marc code BD-RjUL
005 - DATE AND TIME OF LATEST TRANSACTION
control field 20211209053644.0
008 - FIXED-LENGTH DATA ELEMENTS--GENERAL INFORMATION
fixed length control field 160619s1975 ii ||||| |||| 00| 0 eng d
035 ## - SYSTEM CONTROL NUMBER
System control number (BD-RjUL)43271
040 ## - CATALOGING SOURCE
Original cataloging agency BD-RjUL
Language of cataloging eng
Transcribing agency BD-RjUL
041 ## - LANGUAGE CODE
Language code of text/sound track or separate title eng
082 ## - DEWEY DECIMAL CLASSIFICATION NUMBER
Edition number 23
Classification number 330.954
Author mark and year DAT
245 00 - TITLE STATEMENT
Title Data base of Indian economy /
Statement of responsibility, etc. Edited by C. A. Rao, Vinayak Mahadev Dandekar, P. Venkataramaiah
260 ## - PUBLICATION, DISTRIBUTION, ETC. (IMPRINT)
Place of publication, distribution, etc. Calcutta :
Name of publisher, distributor, etc. Statistical Pub. Society,
Date of publication, distribution, etc. 1972-1975
300 ## - PHYSICAL DESCRIPTION
Pagination V. ;
Size 25 cm.
505 0# - FORMATTED CONTENTS NOTE
Formatted contents note Vol. 1 Review and reappraisal / C. A. Rao -- v. 2 Role of sample surveys / V. M. Dandekar, P Venkataramaiah --
650 ## - SUBJECT ADDED ENTRY--TOPICAL TERM
Topical term or geographic name as entry element Economic conditions
Geographic subdivision India
9 (RLIN) 132525
Topical term or geographic name as entry element Statistical service
Geographic subdivision India
9 (RLIN) 174411
700 ## - ADDED ENTRY--PERSONAL NAME
Personal name Rao , C. A.
Personal name Dandekar, V. M.
Personal name Venkataramaiah , P.
942 ## - ADDED ENTRY ELEMENTS (KOHA)
Source of classification or shelving scheme Dewey Decimal Classification
Koha item type Books
Holdings
Lost status Source of classification or shelving scheme Damaged status Not for loan Collection code Permanent Location Current Location Shelving location Date acquired Source of acquisition Cost, normal purchase price Total Checkouts Full call number Date last seen Copy number Koha item type
  Dewey Decimal Classification   Not For Loan Non-fiction Central Library, University of Rajshahi Central Library, University of Rajshahi Reading Room 08/11/1979 India International Calcutta 35.00   330.954 DAT V-2 1975 19/06/2016 C-1 Books
  Dewey Decimal Classification   Not For Loan Non-fiction Central Library, University of Rajshahi Central Library, University of Rajshahi Reading Room 08/11/1979 Indian international calcutta, 35.00   330.95405 DAT V-1 1972 19/12/2016 C-1 Books